| 000 | 00000nam##2200000za#4500 |
| 001 | 9.696308 |
| 003 | CaOODSP |
| 005 | 20210927150504 |
| 007 | cr ||||||||||| |
| 008 | 150407|2000||||xxc|||||o f|0| 0 eng|d |
| 040 | |aCaOODSP|beng |
| 043 | |an-cn--- |
| 086 | 1 |aR32-179/2000E-PDF |
| 110 | 1 |aCanada. |bIndian and Northern Affairs Canada. |
| 245 | 10|aNational Aboriginal Day, June 21-- : |h[electronic resource]|bshare in the celebration! |
| 260 | |aOttawa - Ontario : |bIndian and Northern Affairs |c2000. |
| 300 | |a1p.|bcoloured plates, photographs |
| 500 | |aThe catalogue number (R32-179/2000) and ISBN (0-662-64758-0) for the bilingual print edition have been incorrectly copied in this electronic publication. |
| 546 | |aComprend un titre en français. |
| 590 | |a12-28-Supp|b2012-06-15 |
| 690 | 07|aIndigenous peoples|2gcpds |
| 690 | 07|aCommemoration|2gcpds |
| 775 | 08|tJournée nationale des Autochtones, le 21 juin-- : |w(CaOODSP)9.640426 |
| 776 | 0#|tNational Aboriginal Day, June 21: share in the celebration |w(CaOODSP)9.661651 |
| 776 | 0#|tJournée nationale des Autochtones: le 21 juin: soyez de la fête! |w(CaOODSP)9.661652 |
| 856 | 40|ahttp://publications.gc.ca|qPDF|s779 KB|uhttps://publications.gc.ca/collections/Collection/R32-179-2000E.pdf |
| 986 | |aQS-6142-000-BB-A1 |